000 00336nam a22001457a 4500
008 221020b ||||| |||| 00| 0 eng d
020 _a9780803661660
041 _aeng
080 _2sixth edition
_a610.73
082 _a610.73
100 _a9
101 _ainf
245 _aFAMILY HEALTH CARE NURSING
_cKAAKINEN J
942 _2udc
_cBK
999 _c58623
_d58623